000 00837cam a22001935a 4500
001 L140267
008 070913s2007 xxk f 000 0 eng d
035 _a(Sirsi) u140267
041 0 _aeng
050 0 4 _a333.33025 $2 18
110 2 _aRoyal Institution of Chartered Surveyors
_94900
245 0 0 _aWorking for you
_bmake the most of this year's membership
260 _aLondon
_bRICS
_c2007
300 _a[8p.]
_bill.
_c30cm.
520 _aProvides an overview of the services and benefits available to RICS members in 2007. Describes the ongoing work of the RICS. Details the main achievements and highlights of 2006. Provides a checklist for members to ensure they are making use of all the facilities available. Includes contact details for services and support.
651 4 _aInternational
690 _aABOUT RICS
942 _n0
999 _c107462
_d107462